000 00863nam a22002651 4500
001 35513
003 BD-RjUL
005 20211209052332.0
008 140526s1965 enka b 000 0 eng d
035 _a(BD-RjUL)35607
035 _a(OCoLC)180371
040 _aDLC
_cOYU
_dOCoLC
_dODaWU
_dDLC
_dBD-RjUL
_beng
041 _aeng
082 _a304.609
_bPOP 1965
245 1 0 _aPopulation in history :
_bessays in historical demography /
_cEdited by D.V. Glass and D.E.C. Eversley.
260 _aLondon :
_bEdward Anrond,
_c1965.
300 _aix, 692 p. :
_bill. ;
_c26 cm.
504 _aBibliography: p. 140-143. Bibliographical footnotes.
650 0 _aPopulation - History
_9108130
700 1 _aEversley, David Edward Charles,
_ejoint ed.
_9107963
700 1 _aGlass, D. V.
_9108131
942 _2ddc
_cBK
999 _c35513
_d35513